000 00448nam a2200181Ia 4500
001 1576
005 20260306143738.0
008 260306t1973||||xx |||||||||||||| ||spa||
041 _aESP
082 _a152.15
_bC264
100 _aCohen, Jozef,
_eAUT
245 0 _aSensación y percepción auditiva y de los sentidos menores
260 _c1973
300 _a91 páginas :
_c22 cm.
650 _aGEN
654 _aCPS
942 _cLIB
_dJUS
_fJUS
_2ddc
_n
999 _c1576
_d1576